Razonamiento verbal y solución de problemas : (Record no. 114162)

MARC details
000 -CABECERA
campo de control de longitud fija 00873nam a2200253 a 4500
005 - FECHA Y HORA DE LA ÚLTIMA TRANSACCIÓN
campo de control 20250307063819.0
008 - ELEMENTOS DE LONGITUD FIJA--INFORMACIÓN GENERAL
campo de control de longitud fija 010704m19922003mx r 000 0 spa d
020 ## - NÚMERO INTERNACIONAL NORMALIZADO PARA LIBROS
Número Internacional Estándar del Libro 9682444497
035 ## - NÚMERO DE CONTROL DEL SISTEMA
Número de control de sistema UPN01000142015
049 ## - COLECCIÓN
Colección CG
050 #4 - SIGNATURA TOPOGRÁFICA DE LA BIBLIOTECA DEL CONGRESO
Número de clasificación BF311
Número de documento/Ítem A4.8 GI
100 1# - ASIENTO PRINCIPAL--NOMBRE PERSONAL
Nombre de persona Amestoy de Sánchez, Margarita
9 (RLIN) 28719
245 10 - MENCIÓN DE TÍTULO
Título Razonamiento verbal y solución de problemas :
Resto del título guía del instructor /
Mención de responsabilidad, etc. Margarita A. de Sánchez.
260 ## - PUBLICACIÓN, DISTRIBUCIÓN, ETC.
Lugar de publicación, distribución, etc. México :
Nombre del editor, distribuidor, etc. Trillas :
-- ITESM,
Fecha de publicación, distribución, etc. 1992 (2003 impr.).
300 ## - DESCRIPCIÓN FÍSICA
Extensión 656 p. :
Otras características físicas gráfs., tablas
440 #0 - MENCIÓN DE SERIE/ASIENTO SECUNDARIO--TÍTULO
Título Desarrollo de habilidades del pensamiento
590 ## - NOTA LOCAL (RLIN)
Nota local (También localizas un ejemplar en el "Area de Reserva")
590 ## - NOTA LOCAL (RLIN)
Nota local Bibliografía Básica (BGTQ), 2010
650 #4 - ASIENTO SECUNDARIO DE MATERIA - TERMINO TEMATICO
Término de materia o nombre geográfico como elemento de entrada Cognición
9 (RLIN) 6446
650 #4 - ASIENTO SECUNDARIO DE MATERIA - TERMINO TEMATICO
Término de materia o nombre geográfico como elemento de entrada Pensamiento
9 (RLIN) 5399
650 #2 - ASIENTO SECUNDARIO DE MATERIA - TERMINO TEMATICO
Término de materia o nombre geográfico como elemento de entrada Solución de problemas
9 (RLIN) 2522
650 #4 - ASIENTO SECUNDARIO DE MATERIA - TERMINO TEMATICO
Término de materia o nombre geográfico como elemento de entrada Razonamiento
9 (RLIN) 3600
905 ## - TIPO DE MATERIAL
Tipo de material Libro
Holdings
Estado de retiro Estado de pérdida Fuente del sistema de clasificación o colocación Estado dañado No para préstamo Código de colección Localización permanente Ubicación/localización actual Ubicación en estantería Total de préstamos Clasificación Código de barras Fecha visto por última vez Número de copia Tipo de ítem Koha Restricciones de uso Fecha de adquisición
    Library of Congress Classification     Colección General Bib. Gregorio Torres Quintero Bib. Gregorio Torres Quintero Planta baja 9 BF311 A4.8 GI 234388 31/12/2020 1 Libro    
    Library of Congress Classification     Bibliografía básica Bib. Gregorio Torres Quintero Bib. Gregorio Torres Quintero Colecciones especiales Planta alta 5 BF311 A4.8 GI 234390 31/12/2020 1 Libro por horas Préstamo por horas 30/01/2023
    Library of Congress Classification     Colección General Bib. Gregorio Torres Quintero Bib. Gregorio Torres Quintero Planta baja 7 BF311 A4.8 GI 234389 31/12/2020 1 Libro    
    Library of Congress Classification     Colección General Bib. Gregorio Torres Quintero Bib. Gregorio Torres Quintero Planta baja 1 BF311 A4.8 GI 139012 31/12/2020 1 Libro    
    Library of Congress Classification     Colección General Bib. Gregorio Torres Quintero Bib. Gregorio Torres Quintero Planta baja   BF311 A4.8 GI 166724 31/12/2020 1 Libro    
    Library of Congress Classification     Colección General Bib. Gregorio Torres Quintero Bib. Gregorio Torres Quintero Planta baja 2 BF311 A4.8 GI 181330 31/12/2020 1 Libro    
    Library of Congress Classification     Colección General Bib. Gregorio Torres Quintero Bib. Gregorio Torres Quintero Planta baja 2 BF311 A4.8 GI 181331 31/12/2020 1 Libro    
    Library of Congress Classification     Colección General Bib. Gregorio Torres Quintero Bib. Gregorio Torres Quintero Planta baja 1 BF311 A4.8 GI 145737 31/12/2020 1 Libro    
    Library of Congress Classification     Colección General Bib. Gregorio Torres Quintero Bib. Gregorio Torres Quintero Planta baja 2 BF311 A4.8 GI 166725 31/12/2020 1 Libro